| 000 | 00653nam a2200241 i 4500 | ||
|---|---|---|---|
| 001 | bgj | ||
| 100 | 1 |
_aCAMUS, Albert _d(1913-1960). |
|
| 245 | 1 | 0 |
_aThe Plague / _cAlbert Camus ; translated from the French by Stuart Gilbert. |
| 260 |
_aLondon : _bPenguin Books, _c1960. |
||
| 300 |
_a251, [1] pp ; _c20 cm. |
||
| 490 | 1 | _aPenguin Books | |
| 650 | 9 | _aPlague | |
| 650 | 9 | _aPsychological fiction | |
| 655 | _aFiction | ||
| 700 | 1 |
_aGILBERT, Stuart. _etransl. |
|
| 830 | _aPenguin Books | ||
| 020 | _a0140180206 | ||
| 040 | _cBPK | ||
| 041 | 1 |
_aeng _hfre |
|
| 920 | _a0-14-018020-6 | ||
| 942 | _cKS | ||
| 008 | s uk f |000 0 eng | ||
| 999 |
_c49121 _d49121 |
||
| 856 |
_uhttp://koha.tu.koszalin.pl/cgi-bin/koha/opac-detail.pl?biblionumber=49121 _yKatalog online BPK |
||